| 000 | 00543nam a22001817a 4500 | ||
|---|---|---|---|
| 005 | 20231124064547.0 | ||
| 008 | 231124b |||||||| |||| 00| 0 eng d | ||
| 020 | _a0702110272 ; 0702110574 | ||
| 041 | _aAfrikaans | ||
| 082 | _a341 BOO | ||
| 100 |
_aBooysen, H _lAfrikaans |
||
| 245 |
_aVolkereg : 'n Inleiding / _cH Booysen |
||
| 250 | _aEerste Uitgawe | ||
| 260 |
_aKaapstad : _bJuta en Kie. Beperk, _c1980 |
||
| 300 |
_bxxv, 474 pages ; _c26 cm. |
||
| 650 |
_aLegal practice _bLaw |
||
| 942 |
_cBK _6ALISON_BN_VRIES |
||
| 999 |
_c921 _d921 |
||